| Поле | Инд. | ПП | Название | Значение |
|---|---|---|---|---|
| Тип записи | a | |||
| Библиографический уровень | m | |||
| 001 | Контрольный номер | f8e78cdb-0c3e-4bf7-82bb-b95a535bec74 | ||
| 005 | Дата корректировки | 20140226155619.8 | ||
| 008 | Кодируемые данные | 001129 d | ||
| 020 | a | ISBN | 5-230-20760-4 | |
| c | Цена, тираж | 2.00 | ||
| 040 | a | Служба первич. каталог. | RU-RKP | |
| 040 | a | Служба первич. каталог. | НБ ТвГУ | |
| 041 | a | Код языка текста | rus | |
| 080 | a | Индекс УДК | 373.1.047(082) | |
| a | Индекс УДК | 378.047(082) | ||
| 084 | a | Индекс другой классификации/Индекс ББК | Ч420.052.6 | |
| a | Индекс другой классификации/Индекс ББК | Ч480.052.6 | ||
| 090 | a | Полочн. индекс | Ч421.0 | |
| x | Авторский знак | П84 | ||
| 092 | a | 14.07 | ||
| 245 | 10 | a | Заглавие | Профессиональная ориентация в школе и вузе |
| b | Продолж. заглавия | Межвуз. сб. науч. тр. | ||
| c | Ответственность | Кемеров. гос. ун-т; [Редкол.: Касаткина Н. Э., Новикова Т. Н. (отв. редакторы) и др.] | ||
| 260 | 0_ | a | Место издания | Кемерово |
| b | Издательство | Изд-во Кемер. ун-та | ||
| c | Дата издания | 1991 | ||
| 300 | a | Объем | 156 с. | |
| c | Размеры | 20 см | ||
| 504 | a | Библиография | Библиогр. в примеч. в конце ст. | |
| 650 | a | Основная рубрика | Школа общеобразовательная | |
| x | Основная подрубрика | Профориентация | ||
| 650 | a | Основная рубрика | Высшие учебные заведения | |
| 650 | a | Основная рубрика | Педагогика школы | |
| 650 | a | Основная рубрика | Педагогика высшей школы | |
| 653 | a | Ключевые слова | Педагогика высшей школы | |
| a | Ключевые слова | Педагогика школы | ||
| a | Ключевые слова | Профориентация в вузе | ||
| a | Ключевые слова | Профориентация в школе | ||
| 700 | 1_ | a | Другие авторы | Касаткина Наталья Эмильевна |
| e | Роль лиц | ред. | ||
| 700 | 1_ | a | Другие авторы | Новикова Т. Н. |
| e | Роль лиц | ред. | ||
| 852 | t | Порядковый номер экземпляра | 1 | |
| p | Инвентарный номер | 628860 | ||
| 954 | a | Дата поступления на обработку | 20031124 | |
| 999 | a | Подразделение 2 | кх. |